The Beatles - Hey Jude Lyircs Quiz - Statistics

General Stats
  • This quiz has been taken 1,096 times
  • The average score is 169 of 213
Answer Stats
Lyrics % Correct
Hey
100%
Jude
100%
A
99%
Be
98%
Do
98%
Don't
98%
Dont
98%
It
98%
And
97%
Make
97%
Better
96%
Better.
96%
So
96%
Bad
95%
Sad
95%
Song
95%
To
95%
You
95%
Let
94%
Your
93%
Take
92%
Her
91%
In
91%
Remember
90%
The
90%
Heart
89%
Afraid
88%
Into
87%
Then
86%
Can
84%
Go
84%
Get
83%
Start
83%
Begin
80%
Skin
80%
Out
78%
Minute
76%
Under
76%
Made
71%
Were
70%
Who
70%
Na
69%
Shoulder
68%
World
64%
Carry
59%
Upon
57%
Feel
55%
Refrain
55%
Know
53%
Pain
53%
Fool
51%
Me
51%
It's
50%
That
50%
Have
49%
Cool
48%
Shoulders
48%
Down
46%
Now
46%
Plays
46%
Anytime
45%
Found
44%
Colder
42%
Little
42%
By
40%
For
40%
On
40%
Making
39%
Just
35%
His
33%
You'll
33%
Well
32%
Is
31%
You're
29%
Someone
27%
Need
26%
Perform
26%
With
26%
Waiting
25%
Movement
22%
Yeah
20%
Oh
19%
Rake
2%
No matching quizzes found
Score Distribution
Percent of People with Each Score
Percentile by Number Answered
Your Score History
You have not taken this quiz